Văn hóa gốm của người Vệt vùng Đồng bằng sông Hồng

Tìm hiểu về lịch sử hình thành, không gian phân bố, hành trình và quy trình sáng tạo đồ gốm. Vai trò, chức năng, giá trị của đồ gốm trong đời sống xã hội. Đặc trưng cơ bản của văn hoá gốm đồng bằng sông Hồng...

Descripción completa

Guardado en:
Detalles Bibliográficos
Autor principal: Trương, Minh Hằng
Formato: Libro
Lenguaje:Undetermined
Publicado: Hà Nội Lao động 2012
Materias:
Etiquetas: Agregar Etiqueta
Sin Etiquetas, Sea el primero en etiquetar este registro!
Thư viện lưu trữ: Trung tâm Học liệu Trường Đại học Cần Thơ
LEADER 00923nam a2200193Ia 4500
001 CTU_179680
008 210402s9999 xx 000 0 und d
082 |a 738.09597 
082 |b H116 
100 |a Trương, Minh Hằng 
245 0 |a Văn hóa gốm của người Vệt vùng Đồng bằng sông Hồng 
245 0 |c Trương Minh Hằng 
260 |a Hà Nội 
260 |b Lao động 
260 |c 2012 
520 |a Tìm hiểu về lịch sử hình thành, không gian phân bố, hành trình và quy trình sáng tạo đồ gốm. Vai trò, chức năng, giá trị của đồ gốm trong đời sống xã hội. Đặc trưng cơ bản của văn hoá gốm đồng bằng sông Hồng 
650 |a Ceramic craft,Gốm mỹ nghệ 
910 |a Nguyên 
980 |a Trung tâm Học liệu Trường Đại học Cần Thơ